000 00422nam a2200205Ia 4500
001 000628
003 YMCAF
005 20230512160027.0
008 100717s1971 ||||||||||||||||| ||und|d
024 _a628
035 _a611
040 _aYMCAF
_beng
_cIN-KoLT
041 _aeng
082 _aBAS-GOO
100 _aGOODLET B.L.
245 0 _aBASIC ELECTROTECHNICS
260 _c1971
300 _a400
942 _2ddc
_cBK
999 _c500
_d500